000 00975nam a2200265Ia 4500
003 OSt
005 20220923210941.0
006 a|||||r|||| 00| 0
007 ta
008 220922b |||||||| |||| 00| 0 hin d
020 _a8124605912 (hbk)
_c1200
024 _a261,395
037 _b236, 10/10/2011, Eastern Book Linkers
_cTextual
040 _aARTS
_cARTS
_bhin
041 _2hin
_ahin
082 _aQ1:31, 152Q1
100 _aत्रिपाठी, गयाचरण
_9156500
245 0 _aवैदिक देवता
_b उदभव और विकास
246 _aVaidik devatā: udabhav aur vikāsa
260 _aनई दिल्ली
_b राष्ट्रिय संस्कृत संस्थान
_c2011
300 _a667पृ.
_ccm.
650 _aधर्म
942 _hQ1:31, 152Q1
_cTEXL
_2CC
999 _c293144
_d293144